1763 1162 1224 1137 1752 1399 1003 1676 1341 1170 1971 1591 1788 1829 1831 1584 1544 1786 1838 1042 1827 1348 1716 1831 1759 1626 1350 1566 1558 1272 1454 1983 1603 1768 1691 1029 1251 1346 1402 1024 1177 1890 1866 1665 1851 1813 1794 1304 1563 1836 1881 1770 1242 1099 1293 1805 1774 1999 1151 1062 1600 1307 1670 1790 1682 1486 1491 1696 1373 1378 1919 1137 1878 1331 1799 1030 1269 1793 1949 1171 1208 1193 1913 1433 1684 1952 1995 1294 1225 1902 1019 1423 1269 1227 1798 1848 1054 1706 1931 BCNSPRNW ULIB Ver.6.0+V

เปลี่ยนเป็นภาษาไทย

Change to English
 แสดงรายละเอียดบรรณานุกรม
  กลับหน้าหลัก

Brief Record : Get Marc (ISO 2709) : E-mail record : QR code < ปิดหน้าต่าง
LEADER : 00000nam 2200000uu 4500
001    13399111040
003     ULIB
008    110615s2552||||th 000 0 tha d
020    9789749900734
050  4 BF128.T35^bจ536จ 2552
245 00 จิตวิทยาทั่วไป /^cคณะผู้เขียน, จิราภา เต็งไตรรัตน์ ...[และคนอื่นๆ]
250    พิมพ์ครั้งที่ 6 แก้ไขเพิ่มเติม
260    กรุงเทพฯ :^bภาควิชาจิตวิทยา คณะศิลปศาสตร์มหาวิทยาลัยธรรมศาสตร์,^c2552
300    (14), 364 หน้า :^bภาพประกอบ ;^c26 ซม.
650  7 การปรับตัว
650  7 จิตวิทยา
650  7 บุคลิกภาพ
650  7 อารมณ์^xจิตวิทยา
700 0  จิราภา เต็งไตรรัตน์
710 2  มหาวิทยาลัยธรรมศาสตร์. ^bคณะศิลปศาสตร์. ^bภาควิชาจิตวิทยา
945    ^p370^l0^i026010
995    ทศพร
999 ^a ใช้งานได้ทุกระบบ
รายการนี้ยังไม่มีแท็ก
คุณยังไม่ได้ล็อกอิน คุณสามารถมีกิจกรรมร่วมกับเว็บไซต์ได้ แต่ต้องล็อกอินก่อน ::
  ล็อกอิน

รายการสื่อสารสนเทศ

ลำดับที่ ประเภท เลขเรียก/บาร์โค้ด สถานที่ สถานะ
- ไม่พบข้อมูล -

รายการใกล้เคียง
    หัวเรื่อง [การปรับตัว]
    หัวเรื่อง [จิตวิทยา]
    หัวเรื่อง [บุคลิกภาพ]

BibComment


ยังไม่เคยถูกคอมเมนท์

คอมเมนท์ทรัพยากรรายการนี้
  คอมเมนท์: จิตวิทยาทั่วไป ค..


 Copyright 2026. Bcnsprnw @Library